20. olağan genel kurul çalışma raporu (Kayıt no. 9304)
[ düz görünüm ]
| 000 -BAŞLIK | |
|---|---|
| Sabit Uzunlukta Kontrol Alanı | 00804na a2200253 4500 |
| 001 - KONTROL NUMARASI | |
| Denetim Alanı | 18555 |
| 003 - KONTROL NUMARASI IDENTIFIER | |
| Denetim Alanı | MIRAKIL |
| 005 - SON İŞLEM TARİHİ VE ZAMANI | |
| Denetim Alanı | 20181213155242.0 |
| 008 - SABİT-BOY VERİ ELEMANLARI - GENEL BİLGİLER | |
| Sabit Uzunlukta Kontrol Alanı | 161121b tu 000 0 |
| 035 ## - SİSTEM KONTROL NUMARASI | |
| Sistem Kontrol Numarası | 18555 |
| 040 ## - KATALOGLAMA KAYNAK | |
| Orijinal Kataloglama Ajansı | Milas |
| Kataloglama Dili | tur |
| Metne Dönüştürmek Ajansı | TR-AnCHP |
| 041 ## - DİL KODU | |
| Metin / Ses Parça Veya Ayrı Başlığın Dil Kodu | tur |
| 082 ## - DEWEY ONLU SINIFLANDIRMA NUMARASI | |
| Sınıflandırma Numarası | 331.88 |
| Ürün Numarası | T96y 2007 |
| 090 ## - SINIFLAMA NUMARASI | |
| Sınıflama Numarası | 331.88 T96y 2007 |
| 111 ## - ANA GİRİŞ - TOPLANTI ADI | |
| Giriş Elemanı Olarak Toplantı Adı Veya Yargı Alanı Adı | Türk-İş Olağan Genel Kurulu |
| Toplantının Yeri | Ankara |
| Toplantı Veya Antlaşma İmzalandığı Tarihi | 2007 |
| Bölüm / Bölüm / Toplantı Sayısı | 20. |
| 245 ## - BAŞLIK TABLOSU | |
| Başlık | 20. olağan genel kurul çalışma raporu |
| Başlığın Kalan | Belgeler |
| Sorumluluk Tablosu, Vb | Türk-İş |
| 246 ## - UNVAN FORM VARYING | |
| Başlık Doğru / Kısa Başlığı | Belgeler |
| 260 ## - YAYIN, DAĞITIM, VB | |
| Yayın, Dağıtım, Vb Yeri | Ankara |
| Yayıncı, Dağıtıcı, Vs Adı | Türk-İş |
| Yayın, Dağıtım, Vb Tarihi | 2007 |
| 300 ## - FİZİKSEL TANIM | |
| Kapsam | xix, 825 s. |
| Boyutlar | 22 sm. |
| 610 ## - KONU KATMA GİRİŞ - TOPLANTI ADI | |
| Giriş Elemanı Olarak Kurumsal Ad Veya Yargı Alanı Adı | Türk-İş |
| Genel Alt Bölüm | Olağan Genel Kurul, 20. |
| Kronolojik Alt Bölüm | Çalışma raporları |
| 650 ## - KONU KATMA GİRİŞ - TOPİKAL DÖNEM | |
| Topikal Süreli Veya Coğrafi Ad Giriş Elemanı | İşçi sendikaları |
| Genel Alt Bölümü | Toplantılar |
| Coğrafi Alt Bölümü | Türkiye |
| 710 ## - KATMA GİRİŞ - KURUMSAL ADI | |
| Giriş Elemanı Olarak Kurumsal Ad Veya Yargı Alanı Adı | Türkiye İşçi Sendikaları Konfederasyonu (Türk-İş) |
| 942 ## - EKLENDİ GİRİŞ ELEMANLARI (KOHA) | |
| Sınıflandırma Veya Raf Düzeni Kaynak | Dewey Decimal Classification |
| Koha Öğesi Türü | Kitaplar |
| 999 ## - SİSTEM KONTROL NUMARALARI (KOHA) | |
| Koha Biblionumber | 9304 |
| Koha Biblioitemnumber | 9304 |
| Kalıcı Konum | Mevcut Konum | Edinme Tarihi | Edinim Kaynak | Toplam Check-Out'Lar | Tam Çağrı Numarası | Barkod | Tarih Son Görülme | İtibaren Geçerli Fiyatlar | Koha Öğesi Türü |
|---|---|---|---|---|---|---|---|---|---|
| CHP Kütüphanesi | CHP Kütüphanesi | 11/21/2016 | Bağış | 331.88 T96y 2007 | 008825 | 11/21/2016 | 11/21/2016 | Kitaplar |
